000 00610nam a2200169 4500
008 170120b xxu||||| |||| 00| 0 eng d
022 _a 0893-8989
082 _aDPer 363.205 P75 May-Dec 2015 V. 39
100 _918404
_aSchlosser, Michael
245 _aStrength in numbers/
_cMichael Schlosser and Dallas Schlosser.
260 _aCalifornia:
_bBobit Business Media,
_cc2015.
300 _av39 n6, pages 126-129;
_c28 cm.
500 _aPolice: the law enforcement magazine.
650 0 _918405
_aArrest (police methods)
_xDecision making
700 _918406
_a Schlosser, Dallas
_eAuthor
942 _2ddc
_cPER
999 _c6070
_d6070